000 03366nam2a22002651 4500
001 RU\NLR\A1\10029
005 20260406092946.0
035 _a(NLR Aleph) 009673470
090 _a13474304
_c13474304
100 _a19970616d1796 a y0rusy50 ca
101 1 _arus
_cger
140 _ay y kc yaa0000
200 0 _aЧ.1
215 _a[8] , 309, [5] c.
316 _aЭкз. РНБ (18.2.7.7 (ч.1) является частью владельч. конволюта. Припл. 1 ед. (ч.2 тит. изд.) В составном картон. пер. начала 21 в., обтянутом бумагой "павлинье перо", с кожаным вишневым корешком и кожаными вишневыми уголками. На нижней крышке пер. экслибрис Рус. фонда РНБ с шифром. Корешок с 4-мя бинтами и сохраненной крас. кожаной наклейкой со старого переплета, на которой вытиснено: «Бvуменбаха Естественной истории». Обрез крапчатый крас. На тит. л. и с.33 круглый штамп ГПБ. Экз. деф.: отсутствуют с.[3-8] 1-го ряда (Посвящ. П.В.Завадовскому и Предуведомление) и [2-5] 2-го ряда. (Погрешности в первой части)
_5NLR: 18.2.7.7 (ч.1)
317 _aВ экз. РНБ (18.2.7.7 (ч.1)) на форзаце фрагм. экслибриса Б-ки для чтения А.Ф.Смирдина, с вписанным номером: 4434 (Богомолов 14508).
_5NLR: 18.2.7.7 (ч.1)
461 0 _1001RU\NLR\A1\10028
_12000#$aРуководство к естественной истории$fД[октора] Иог. Фридр. Блуменбаха Геттингскаго университета профессора и великобританскаго надворнаго советника,$gПереведенное с немецкаго на российский язык естественнной истории учителями Петром Наумовым и Андрееем Теряевым.$vЧ.1
_1700#1$6z01700$aБлюменбах$bИ. Ф.$f1752-1840$gИоганн Фридрих$4070
_1700#1
_99672418
_aБлюменбах, И.Ф. (1752-1840)
_cВ Санктпетербурге
_d1796
_fД[октора] Иог. Фридр. Блуменбаха Геттингскаго университета профессора и великобританскаго надворнаго советника,
_nПечатано в привиллегированной типографии у Вильковского
_tРуководство к естественной истории
_vЧ.1
481 0 _1001RU\NLR\A1\10032
_99672433
_p[2], 311-739, [5] с.
_tРуководство к естественной истории. - О земноводных, рыбах, насекомых, червях и о прозябаемых телах вообще
702 1 _4390
_8rus
_7ca
_aСмирдин
_bА. Ф.
_f1795-1857
_gАлександр Филиппович
_3RU\NLR\AUTH\7764528
_947457
801 0 _aRU
_bNLR
_c19970616
852 _aNLR
_j18.2.7.7 (ч.1)
_yЭкз. деф.
942 _cBOOK
980 _aA1XVIIIv
980 _aNB